Systems of land tenure in various countries. A series of essays published under the sanction of the Cobden club.
Saved in:
| Corporate Author: | |
|---|---|
| Other Authors: | , , , , , , , , , |
| Format: | Book |
| Language: | English |
| Published: |
London,
Macmillan,
1870.
|
| Subjects: | |
| Tags: |
Add Tag
No Tags, Be the first to tag this record!
|
| LEADER | 01721cam a2200361I 4500 | ||
|---|---|---|---|
| 001 | 005299331-0 | ||
| 005 | 20020606095253.2 | ||
| 008 | 751104s1870 enk 000 0 eng | ||
| 010 | |a 37007182 | ||
| 035 | 0 | |a ocm01806943 | |
| 040 | |a DLC |c FUB |d OCL |d NRC |d HVL | ||
| 050 | 0 | |a HD156 |b .C6 1870 | |
| 082 | |a 333 | ||
| 110 | 2 | |a Cobden Club (London, England) | |
| 245 | 0 | 0 | |a Systems of land tenure in various countries. |b A series of essays published under the sanction of the Cobden club. |
| 260 | |a London, |b Macmillan, |c 1870. | ||
| 300 | |a vi, 420 p. |c 23 cm. | ||
| 505 | 0 | |a Longfield, M. Tenure of land in Ireland.--Hoskyns, C.W. Land-laws of England.--Campbell. G. Tenure of land in India.--Laveleye, E. de. Land system of Belgium and Holland.--Morier, R.B.D. Agrarian legislation of Prussia during the present century.--Leslie, T.C. Land system of France.--Faucher. J. Russian agrarian legislation of 1861.--Fisher. C.M. Farm land and land-laws of the United States. | |
| 650 | 0 | |a Land tenure. | |
| 650 | 0 | |a Agricultural laws and legislation. | |
| 700 | 1 | |a Longfield, Mountifort, |d 1802-1884. | |
| 700 | 1 | |a Hoskyns, Chandos Wren, |d 1812-1876. | |
| 700 | 1 | |a Campbell, George, |c Sir, |d 1824-1892. | |
| 700 | 1 | |a Laveleye, Emile de, |d 1822-1892. | |
| 700 | 1 | |a Morier, Robert, |c Sir, |d 1826-1893. | |
| 700 | 1 | |a Leslie, T. E. Cliffe |q (Thomas Edward Cliffe), |d 1827-1882. | |
| 700 | 1 | |a Faucher, Julius, |d 1820-1878. | |
| 700 | 1 | |a Fisher, C. M. | |
| 700 | 1 | |a Longfield, Montifort, |d 1802-1884. | |
| 700 | 1 | |a Campbell, George, |d 1824-1892. | |
| 776 | 0 | 8 | |i Online version: |a Cobden Club (London, England). |t Systems of land tenure in various countries. |d London, Macmillan, 1870 |w (OCoLC)793590801 |
| 988 | |a 20020608 | ||
| 906 | |0 DLC | ||


